000 02248nam2a2200301 4500
001 RU\NLR\BIBL_A\011974193
005 20190412110507.0
010 _a978-5-907064-28-7
_9500
021 _aRU
_bКН-П-19-014474
_9КН-П-19-1084
035 _a(NLR Aleph) 011974193
035 _a(RuMoRGB)009906753
090 _a11273317
_c11273317
100 _a20190328d2019 u y0rusy50 ca
101 0 _arus
102 _aRU
105 _aa|||j|||000zy
200 1 _aСтандарты и протоколы
210 _d2019
215 _a170 с.
_cил., табл.
320 _aБиблиогр.: с. 168 (10 назв.)
461 0 _1001RU\NLR\BIBL_A\011911492
_12001#$aКомпьютерные сети$vЧ. 3
_1700#1$aБабаев$bС. И.$gСергей Игоревич
_910939107
_aБабаев, С. И.
_cМосква
_d2019 [т.е. 2018]
_fС.И. Бабаев, Б.В. Косторов, М.Б. Никифоров
_nКУРС
_oучебник : [для студентов высших учебных заведений по направлениям подготовки 2.09.03.01, 2.09.04.01 "Информатика и вычислительная техника" (квалификация "бакалавр" и "магистр"), 1.02.03.03, 1.02.04.03 "Математическое обеспечение и администрирование информационных систем" (квалификация "бакалавр" и "магистр"), 5.38.03.05 "Бизнес-информатика" (квалификация "бакалавр"), 2.10.05.01 "Компьютерная безопасность" (квалификация "специалист"), 2.10.05.03 "Информационная безопасность автоматизированных систем" (квалификация "специалист")]
_tКомпьютерные сети
_vЧ. 3
606 1 _aВычислительные сети
_jУчебники для высших учебных заведений
_xОбмен информацией
_xПротоколы
_92226073
_3RU\NLR\AUTH\661336353
686 1 _aЗ988.02-018я73-1
852 _aNLR
_j2019-5/246
942 _cBOOK
980 _aNB